00582nam a2200193Ia 450000500170000000800410001702000150005808200170007310000060009024500500009626000540014630000130020065000130021365000200022670000240024694200060027095200990027699900130037520240723015358.0240331s9999 xx 000 0 und d a0861876601 a291.095bEQU a  0aEquality and the religious traditions of Asia aLondonbFrance printer (Publishers) Limitedc1987 a173 p ., aEquality aReligion - Asia aSiriwardena,R.eedt cL 001040708LaWERCLbWERCLcSSCd2024-03-31l0o 291.095 EQUp3245r2024-03-31w2024-03-31yL c851d851